Statistics for Developing Countries with the Most People in HDI >0.8 Regions

Click here to take the quiz!

General Stats

  • This quiz has been taken 15 times
  • The average score is 19 of 22

Answers on the Map

Answers color-coded by a green-red scale on the quiz's map according to % correct below.
 

Answer Stats

HintAnswer% Correct
74Brazil
100%
145China
100%
8Colombia
100%
14Indonesia
100%
24iran
100%
26Mexico
100%
13Peru
100%
143Russia
100%
11Thailand
100%
47Argentina
93%
14Chile
93%
19Kazakhstan
93%
47Turkey
93%
24Malaysia
87%
13Philippines
87%
10Romania
87%
35Saudi Arabia
80%
5Cuba
73%
38Poland
73%
9Belarus
67%
6Uzbekistan
67%
10Hungary
53%

Score Distribution

Percentile by Number Answered

Percent of People with Each Score

Your Score History

You have not taken this quiz